Word Puzzles - Countries #2 - Statistics

General Stats
  • This quiz has been taken 785 times
    783 since last reset
  • The average score is 11 of 19
Answer Stats
Hint Answer % Correct
Present tense of said + she sells sea ? on the sea shore Seychelles
90%
Abbreviation of Monday + what you score in football (soccer) + hearing organ Mongolia
89%
Sheep noise + precipitation of the more miserable kind Bahrain
86%
Able to + opposite of subtract + A Canada
85%
What a choir does + A + opposite of rich Singapore
82%
What you get on bread if you leave it too long + opposite of under Moldova
74%
Neckwear + opposite of sea Thailand
69%
Opposite of west + Britain's favourite drink + opposite of less East Timor
67%
Spanish "is" + a rock + opposite of there Estonia
65%
Not your first name, not your middle name, but your... Suriname
65%
Spanish equator Ecuador
63%
Your groin is your ------ regions + opposite of take-off Netherlands
53%
Boleyn + cartoon explorer Andorra
48%
Opposite of Pa + Los Angeles + an innocent way of saying urinate Malawi
45%
Andreas, Francisco, Jose etc. + US Special Forces + O San Marino
37%
Female undergarment + Spanish "water" Nicaragua
33%
A web--- allows you to Facetime + brownish red Cameroon
29%
Livingstone, Barlow + German "yes" Kenya
19%
Strawberry, orange, apricot etc. + a unit of land area Jamaica
4%
No matching quizzes found
Score Distribution
Percent of People with Each Score
Percentile by Number Answered
Your Score History
You have not taken this quiz since the last reset